000 00699nam a2200217 i 4500
001 30405
003 ES-MaACL
005 20251013194916.0
007 t|
008 030124s1841 sp ||||1| spa d
080 _a929 Isabel(46)11(0:73)
080 _a737.2(46)"18"
100 1 _aBarthe, Juan Bautista.
_926109
245 1 0 _aMedallas de la proclamación de S.M. la Reina Doña Isabel II /
_cpor Juan Bautista Barthe.
260 _aMadrid :
_b[s.n.,
_c1841] (
_fImp. Fuentenebro)
300 _a14 p., 1 lám. ;
_c19 cm.
600 0 7 _aIsabel
_bII,
_cReina de España-
_xMedallas
_2
_9143775
650 4 _aMedallas-
_zEspaña.
_9141425
852 4 _aES-MaACL
_jT-6-F-12
999 _c30405
_d30405